Countries Closest to Chad - Statistics

General Stats
  • This quiz has been taken 2,818 times
  • The average score is 17 of 20
Answer Stats
km country % Correct
0 Niger
97%
293 Egypt
96%
0 Libya
96%
0 Nigeria
96%
0 Sudan
96%
312 Algeria
95%
167 South Sudan
95%
337 Democratic Republic of the Congo
93%
0 Central African Republic
92%
432 Congo
89%
1018 Mali
87%
0 Cameroon
86%
1159 Ethiopia
86%
961 Tunisia
85%
1114 Benin
80%
636 Gabon
80%
754 Equatorial Guinea
75%
1205 Uganda
75%
1237 Burkina Faso
71%
1103 São Tomé and Príncipe
56%
No matching quizzes found
Score Distribution
Percent of People with Each Score
Percentile by Number Answered
Your Score History
You have not taken this quiz